Rastrojos sobre el suelo: una introducción a la cero labranza
Saved in:
| Main Author: | |
|---|---|
| Format: | Book |
| Language: | Spanish |
| Published: |
Concepción
Carlos Crovetto Lamarca
1992
|
| Edition: | 1a. ed |
| Subjects: | |
| Tags: |
Add Tag
No Tags, Be the first to tag this record!
|
MARC
| LEADER | 00000cam a2200000 a 4500 | ||
|---|---|---|---|
| 001 | UCE1095 | ||
| 003 | CL-VaPUC | ||
| 008 | 140324e19920000cl |||||||||||||||||spa|d | ||
| 020 | |a 9562270393 | ||
| 082 | 0 | 4 | |a 631.5814 |b CRO |2 21 |
| 100 | |a Crovetto Lamarca, Carlos |e author |9 467722 | ||
| 245 | 1 | 0 | |a Rastrojos sobre el suelo: una introducción a la cero labranza |
| 250 | |a 1a. ed | ||
| 300 | |a 301 p | ||
| 942 | |c BK | ||
| 945 | |d 20140324 12:18:00 |a dcastane | ||
| 260 | |a Concepción |b Carlos Crovetto Lamarca |c 1992 | ||
| 650 | 7 | |a CERO LABRANZA |2 CL-VaPUC |9 467723 | |
| 650 | 7 | |a METODOS DE CULTIVO |2 CL-VaPUC |9 467724 | |
| 650 | 7 | |a RESIDUOS DE CULTIVOS |2 CL-VaPUC |9 465325 | |
| 650 | 0 | |a Propiedades del suelo |9 350106 | |
| 583 | |a last modification |c 20140324 12:18:00 |k Rodrigo Vera | ||
| 999 | |c 355029 |d 355027 | ||
| 952 | |0 0 |1 0 |3 erb |4 0 |6 631_581400000000000_CRO_1992 |7 0 |8 A |9 461354 |a BIBAGR |b BIBAGR |i 5063264 |o 631.5814 CRO 1992 |p 5063264 |r 2025-01-20 |w 2019-11-23 |y BK |z Catalogado en:20140324 |k AGR | ||